Find the Differences in the Pictures III Quiz Stats

 Plays Quiz Updated Dec 30, 2015

Challenge
Share
Tweet
Score 0/30 Timer 06:00
2 Plays Today
% Correct
Sign
97%
Sign
97%
Shirt
93.9%
Shirt
93.9%
Baby
93%
Baby
93%
Scale
92.7%
Scale
92.7%
Bear
89.3%
Bear
89.3%
Ball
87.6%
Ball
87.6%
Rabbit
85.2%
Rabbit
85.2%
Wheels
84.1%
% Correct
Wheels
84.1%
Tail
76.7%
Tail
76.7%
Earring
76.3%
Earring
76.3%
Box
74.9%
Box
74.9%
Chips
67.4%
Chips
67.4%
Feet
66.8%
Feet
66.8%
Purse
55.7%
Purse
55.7%
Wall
41.5%
Wall
41.5%

You're not logged in!

Compare scores with friends on all Sporcle quizzes.
OR
Log In

You Might Also Like...

Show Comments

Extras

Top Quizzes Today


Score Distribution

Your Account Isn't Verified!

In order to create a playlist on Sporcle, you need to verify the email address you used during registration. Go to your Sporcle Settings to finish the process.

Report this User

Report this user for behavior that violates our Community Guidelines.

Details: